[Event "MDM 2008 Summer Open <1600"]
[Site "SchemingMind.com"]
[Date "2008.04.27"]
[Round "-"]
[White "Zugzwang"]
[Black "hawkeye"]
[Result "0-1"]
[WhiteCountry "CAN"]
[BlackCountry "USA"]
[WhiteElo "1537"]
[WhiteRD "61"]
[BlackElo "1538"]
[BlackRD "88"]
[GameID "152363"]

1. d4 Nf6 2. Nf3 d5 3. e3 Bg4 4. c4 g6 5. Qb3 c6 6. Qxb7 Nbd7 7. Qxc6 Bg7 8. cxd5 O-O 9. Bb5 Nb6 10. O-O Bd7
11. Qc5 Rc8 12. Qb4 Nfxd5 13. Qb3 Bxb5 14. Qxb5 Qd7 15. Qxd7 Nxd7 16. Na3 N7b6 17. Bd2 Rfd8 18. Nb5 Rd7 19. Ne5 Rb7 20. Rfc1 Bxe5
21. Rxc8+ Nxc8 22. dxe5 Rxb5 23. b3 Ndb6 24. Rd1 Rxe5 25. Bc3 Rd5 26. Bd4 e5 27. e4 Rxd4 28. Rxd4 exd4 29. Kf1 Kf8 30. Ke2 Nd6
31. Kd3 f5 32. Kxd4 fxe4 33. Ke3 Nd5+ 34. Kd4 Nf6 35. Ke5 Ke7 36. a4 Ng4+ 37. Kf4 Nxf2 38. Ke3 Ng4+ 39. Kf4 Nxh2 40. Ke3 Ng4+
0-1

[Event "MDM 2008 Summer Open <1600"]
[Site "SchemingMind.com"]
[Date "2008.04.26"]
[Round "-"]
[White "Zugzwang"]
[Black "scottie"]
[Result "0-1"]
[WhiteCountry "CAN"]
[BlackCountry "ENG"]
[WhiteElo "1503"]
[WhiteRD "59"]
[BlackElo "1531"]
[BlackRD "84"]
[GameID "152364"]

1. d4 d5 2. Nf3 Nf6 3. e3 Bf5 4. c4 e6 5. Qb3 b6 6. Ne5 Nbd7 7. Qb5 a6 8. Qa4 Bd6 9. Nc6 Qc8 10. Nc3 O-O
11. Be2 Nb8 12. cxd5 Nxd5 13. Nxd5 Nxc6 14. Qxc6 Be4 15. Bc4 exd5 16. Bxd5 Bb4+ 17. Bd2 Bxd2+ 18. Kxd2 Bxd5 19. Qxd5 Rd8 20. Qg5 Qe6
21. f4 c5 22. Ke2 Rxd4 23. f5 Qc4+ 24. Kf3 Qd5+ 25. Kg3 Qe5+ 26. Kh3 Rd5 27. Rhf1 g6 28. Rae1 Re8 29. Rf4 Qxb2 30. e4 Rde5
31. Re3 c4 32. Rg4 c3 33. Qh6 c2 34. f6 Rh5+ 35. Qxh5 c1=Q 36. Reg3 Qxf6 37. Rh4 Qc8+ 38. Rgg4 Qg7 39. Qh6 Rxe4 40. Qxg7+ Kxg7
0-1

[Event "MDM 2008 Summer Open <1600"]
[Site "SchemingMind.com"]
[Date "2008.04.26"]
[Round "-"]
[White "Zugzwang"]
[Black "agoodhobby"]
[Result "0-1"]
[WhiteCountry "CAN"]
[BlackCountry "USA"]
[WhiteElo "1503"]
[WhiteRD "59"]
[BlackElo "1639"]
[BlackRD "55"]
[GameID "152365"]

1. d4 d5 2. Nf3 Nf6 3. e3 c6 4. Bd3 Bg4 5. c4 e6 6. Qb3 Qc7 7. Ne5 Bd6 8. O-O O-O 9. Nc3 Nbd7 10. Nxg4 Nxg4
11. f4 h6 12. cxd5 exd5 13. h3 Ngf6 14. e4 dxe4 15. Bxe4 Rae8 16. Rf3 Nxe4 17. Nxe4 Rxe4 18. Be3 Nf6 19. Raf1 Nd5 20. f5 Nxe3
21. Rxe3 Rxd4 22. f6 g6 23. Rfe1 Bc5 24. Re5 Rd3+
0-1

[Event "MDM 2008 Summer Open <1600"]
[Site "SchemingMind.com"]
[Date "2008.04.26"]
[Round "-"]
[White "Zugzwang"]
[Black "boba1844"]
[Result "1-0"]
[WhiteCountry "CAN"]
[BlackCountry "USA"]
[WhiteElo "1503"]
[WhiteRD "59"]
[BlackElo "1131"]
[BlackRD "90"]
[GameID "152366"]

1. d4 d5 2. Nf3 Nc6 3. e3 e5 4. dxe5 Nb4 5. Bd2 Bc5 6. Be2 Bg4 7. O-O Nh6 8. c3 Nc2 9. Qxc2 Bf5 10. Bd3 Bxd3
11. Qxd3 O-O 12. e4 Ng4 13. exd5 Bxf2+ 14. Rxf2 Nxf2 15. Kxf2 c6 16. d6 Qb6+ 17. Nd4 f6 18. e6 c5 19. e7 Rfe8 20. Nf5 Qc6
21. d7 Rad8 22. exd8=Q Rxd8 23. Ne7+
1-0

[Event "MDM 2008 Summer Open <1600"]
[Site "SchemingMind.com"]
[Date "2008.04.28"]
[Round "-"]
[White "Zugzwang"]
[Black "dtedesco"]
[Result "0-1"]
[WhiteCountry "CAN"]
[BlackCountry "CAN"]
[WhiteElo "1537"]
[WhiteRD "61"]
[BlackElo "1471"]
[BlackRD "57"]
[GameID "152367"]

1. d4 Nf6 2. Nf3 g6 3. e3 d6 4. b3 Nc6 5. Bb2 Bf5 6. Bd3 Bxd3 7. cxd3 d5 8. e4 e6 9. O-O Qd7 10. a3 O-O-O
11. b4 a6 12. Nc3 Bh6 13. Qc2 Nh5 14. Bc1 Bxc1 15. Raxc1 f6 16. exd5 exd5 17. Rfe1 Rhe8 18. h3 Ne7 19. Na4 Nc6 20. Nc5 Qd6
21. Rxe8 Rxe8 22. Nd2 Re2 23. Kf1 Nxd4 24. Qb2 Qf4 25. f3 Qh2
0-1

[Event "MDM 2008 Summer Open <1600"]
[Site "SchemingMind.com"]
[Date "2008.04.26"]
[Round "-"]
[White "Zugzwang"]
[Black "Carl Lenox"]
[Result "1-0"]
[WhiteCountry "CAN"]
[BlackCountry "CAN"]
[WhiteElo "1503"]
[WhiteRD "59"]
[BlackElo "1225"]
[BlackRD "58"]
[GameID "152368"]

1. d4 d5 2. Nf3 Nf6 3. e3 Nc6 4. Bd3 Be6 5. O-O Qd6 6. Nbd2 O-O-O 7. c4 Nb4 8. c5 Qc6 9. Bc2 g6 10. a3 Bf5
11. axb4 Qb5 12. Rxa7 Kb8 13. Ra4 Bh6 14. Bxf5 gxf5 15. Ne5 Rhf8 16. Nb1 Rg8 17. Na3 Qe8 18. b5 f4 19. exf4 Ne4 20. Qb3 f6
21. Nc6+ bxc6 22. bxc6+ Kc8 23. Qb7#
1-0

[Event "MDM 2008 Summer Open <1600"]
[Site "SchemingMind.com"]
[Date "2008.04.30"]
[Round "-"]
[White "Zugzwang"]
[Black "s-man"]
[Result "1-0"]
[WhiteCountry "CAN"]
[BlackCountry "CAN"]
[WhiteElo "1503"]
[WhiteRD "59"]
[BlackElo "1250"]
[BlackRD "79"]
[GameID "152369"]

1. d4 d5 2. Nf3 e6 3. e3 Nc6 4. Bd3 Bb4+ 5. c3 Ba5 6. O-O Nf6 7. Nbd2 O-O 8. Qe2 a6 9. e4 dxe4 10. Nxe4 Nxe4
11. Qxe4 g6 12. Bh6 Re8 13. Ng5 f6 14. Nxh7 Kxh7 15. Qxg6+ Kh8 16. Qh7#
1-0

[Event "MDM 2008 Summer Open <1600"]
[Site "SchemingMind.com"]
[Date "2008.04.28"]
[Round "-"]
[White "Brerrabbit"]
[Black "Zugzwang"]
[Result "1-0"]
[WhiteCountry "SCO"]
[BlackCountry "CAN"]
[WhiteElo "1464"]
[WhiteRD "62"]
[BlackElo "1503"]
[BlackRD "59"]
[GameID "152370"]

1. e4 e5 2. Nf3 Nf6 3. Nc3 Bb4 4. d4 Bxc3+ 5. bxc3 Nxe4 6. dxe5 Nxc3 7. Qd3 Na4 8. Bg5 f6 9. exf6 Kf7 10. Ne5+ Kf8
11. Qc4 Qe8 12. fxg7+
1-0

[Event "MDM 2008 Summer Open <1600"]
[Site "SchemingMind.com"]
[Date "2008.04.27"]
[Round "-"]
[White "hawkeye"]
[Black "Zugzwang"]
[Result "0-1"]
[WhiteCountry "USA"]
[BlackCountry "CAN"]
[WhiteElo "1538"]
[WhiteRD "88"]
[BlackElo "1537"]
[BlackRD "61"]
[GameID "152371"]

1. c4 c5 2. Nc3 Nf6 3. e4 e5 4. Bd3 Be7 5. Nf3 Nc6 6. O-O O-O 7. a3 d6 8. Bb1 Be6 9. Nd5 Bg4 10. d3 Nd4
11. Ne3 Nxf3+ 12. Kh1 Nxh2 13. Nxg4 Nxf1 14. Nh6+ gxh6 15. Bxh6 Re8 16. Qxf1 Ng4 17. Bd2 Bg5 18. Qe2 Bxd2 19. Qxd2 Qh4+ 20. Kg1 Qh2+
21. Kf1 Re6 22. Qe1 Rf6 23. f3 Qh1+ 24. Ke2 Qxg2+ 25. Kd1 Rxf3 26. Kc1 Rf1 27. Qxf1 Qxf1+ 28. Kc2 a5 29. Kb3 Qd1+ 30. Kc3 a4
31. b3 Qc1+ 32. Bc2 Qxa1+ 33. Kd2 Qxa3 34. Ke2 Kh8 35. Kd2 axb3 36. Bxb3 Qb2+
0-1

[Event "MDM 2008 Summer Open <1600"]
[Site "SchemingMind.com"]
[Date "2008.04.27"]
[Round "-"]
[White "scottie"]
[Black "Zugzwang"]
[Result "1-0"]
[WhiteCountry "ENG"]
[BlackCountry "CAN"]
[WhiteElo "1531"]
[WhiteRD "84"]
[BlackElo "1503"]
[BlackRD "59"]
[GameID "152372"]

1. e4 e5 2. Nf3 Nf6 3. Nxe5 d6 4. Nxf7 Kxf7 5. Bc4+ Be6 6. Bxe6+ Kxe6 7. d3 Nc6 8. Bg5 Be7 9. Nc3 Rf8 10. Bxf6 Bxf6
11. Qg4+ Kf7 12. O-O Kg8 13. Nd5 Nd4 14. Rac1 c6 15. Nf4 b5 16. c3 Be5 17. Nh5 g6 18. cxd4 Bxd4 19. Qe6+ Kh8 20. Rxc6 Qg5
21. Ng3 Rae8 22. Qxd6 Bxb2 23. Rc5 Qe7 24. Qxe7 Rxe7 25. Rxb5 Bd4 26. Ne2 Bb6 27. Nc3 Rf6 28. Nd5 Bxf2+ 29. Rxf2 Rxf2 30. Kxf2 Rf7+
31. Ke3 Kg7 32. Rc5 Rb7 33. Rc7+ Rxc7 34. Nxc7 Kf6 35. d4 a5 36. d5 Ke5 37. a4 h5 38. h4 Kd6 39. Ne6 Ke5 40. Nf8
1-0

[Event "MDM 2008 Summer Open <1600"]
[Site "SchemingMind.com"]
[Date "2008.04.27"]
[Round "-"]
[White "agoodhobby"]
[Black "Zugzwang"]
[Result "1-0"]
[WhiteCountry "USA"]
[BlackCountry "CAN"]
[WhiteElo "1639"]
[WhiteRD "55"]
[BlackElo "1503"]
[BlackRD "59"]
[GameID "152373"]

1. d4 f5 2. g3 Nf6 3. Bg2 e6 4. c4 c6 5. Nf3 d5 6. O-O Bd7 7. c5 Be7 8. b4 O-O 9. Nc3 Be8 10. Ng5 Bf7
11. f3 h6 12. Nh3 Nbd7 13. e4 a5 14. bxa5 Rxa5 15. a4 Bh5 16. e5 Nh7 17. Nf4 Ng5 18. Nxh5 Rf7 19. Nf4 b5 20. h4 b4
21. hxg5 bxc3 22. g6 Rf8 23. Nxe6
1-0

[Event "MDM 2008 Summer Open <1600"]
[Site "SchemingMind.com"]
[Date "2008.04.27"]
[Round "-"]
[White "boba1844"]
[Black "Zugzwang"]
[Result "0-1"]
[WhiteCountry "USA"]
[BlackCountry "CAN"]
[WhiteElo "1206"]
[WhiteRD "88"]
[BlackElo "1537"]
[BlackRD "61"]
[GameID "152374"]

1. e4 e5 2. Bc4 Nf6 3. Bxf7+ Kxf7 4. Qf3 Bc5 5. Nh3 Rf8 6. Ng5+ Kg8 7. d3 d6 8. O-O h6 9. Nh3 Bxh3 10. Qxh3 Nh7
11. Be3 Bxe3 12. Qxe3 Nd7 13. Nd2 Nb6 14. Rae1 Qd7 15. Qg3 Rf4 16. Nf3 Raf8 17. Re3 R8f6 18. Nh4 Rg4 19. Qxg4 Qxg4 20. Nf3 Ng5
21. Nxg5 Qxg5 22. Rg3 Qd2 23. Rf3 Rxf3 24. gxf3 Qxc2 25. Kh1 Qxd3 26. Rg1 Qxf3+ 27. Rg2 Qxe4 28. h3 Nc4 29. Kh2 Nd2 30. a3 Nf3+
31. Kh1 Qe1+ 32. Rg1 Qxg1#
0-1

[Event "MDM 2008 Summer Open <1600"]
[Site "SchemingMind.com"]
[Date "2008.04.28"]
[Round "-"]
[White "dtedesco"]
[Black "Zugzwang"]
[Result "0-1"]
[WhiteCountry "CAN"]
[BlackCountry "CAN"]
[WhiteElo "1460"]
[WhiteRD "54"]
[BlackElo "1493"]
[BlackRD "56"]
[GameID "152375"]

1. e4 e5 2. f4 exf4 3. Nf3 g5 4. h4 g4 5. Ne5 Nf6 6. Bc4 Qe7 7. Bxf7+ Kd8 8. d4 d6 9. Bc4 dxe5 10. dxe5+ Nbd7
11. exf6 Qxe4+ 12. Be2 Qxg2 13. Kd2 f3 14. Kc3 fxe2 15. Qe1 Nxf6 16. Bg5 Be7 17. Nd2 Re8 18. Nc4 Ne4+ 19. Kb3 Be6 20. Bxe7+ Rxe7
21. Qb4 c6 22. Ka3 b5 23. Ne5 Qg3+ 24. Nd3 Nd6 25. b3 a5 26. Qc5 Ra6 27. Ne5 Kc7 28. Rae1 a4 29. Rxe2 axb3+ 30. Kb2 Rxa2+
31. Kc1 Ra1+ 32. Kd2 Rxh1 33. Qxc6+ Kd8 34. Qxd6+ Rd7 35. Nxd7 Qxd6+ 36. Kc3 Rh3+ 37. Kb2 g3 38. Ne5 Qd4+ 39. Ka3 bxc2 40. Nc6+ Kc7
41. Nxd4 c1=Q+ 42. Kb4 Qc4+ 43. Ka3 Qxd4 44. h5 g2+ 45. Re3 Rxe3#
0-1

[Event "MDM 2008 Summer Open <1600"]
[Site "SchemingMind.com"]
[Date "2008.04.27"]
[Round "-"]
[White "Carl Lenox"]
[Black "Zugzwang"]
[Result "0-1"]
[WhiteCountry "CAN"]
[BlackCountry "CAN"]
[WhiteElo "1225"]
[WhiteRD "58"]
[BlackElo "1503"]
[BlackRD "59"]
[GameID "152376"]

1. e4 e5 2. Nc3 Nf6 3. Nf3 Bb4 4. Bc4 O-O 5. Nxe5 Bxc3 6. dxc3 Nxe4 7. Ke2 Qe8 8. Qd3 Qxe5 9. Be3 d6 10. Rhe1 Bf5
11. Kf1 Ng3+ 12. hxg3 Bxd3+ 13. Bxd3 Qf6 14. Rad1 Nc6 15. g4 Ne5 16. g5 Qe7 17. f4 Ng4 18. b4 Nxe3+ 19. Kg1 Rfe8 20. Rd2 Qd7
21. Rde2 Ng4 22. c4 Rxe2 23. Rxe2 h6 24. f5 Re8 25. g3 Rxe2 26. Bxe2 Qxf5 27. c5 Qf2+ 28. Kh1 Qh2#
0-1

[Event "MDM 2008 Summer Open <1600"]
[Site "SchemingMind.com"]
[Date "2008.05.04"]
[Round "-"]
[White "Shanks"]
[Black "Brerrabbit"]
[Result "0-1"]
[WhiteCountry "ENG"]
[BlackCountry "SCO"]
[WhiteElo "1356"]
[WhiteRD "63"]
[BlackElo "1457"]
[BlackRD "67"]
[GameID "152826"]

1. d4 d5 2. c3 Nc6 3. Nf3 Nf6 4. a3 Bf5 5. Nbd2 Ng4 6. e3 e5 7. dxe5 Ncxe5 8. Nxe5 Nxe5 9. Bb5+ c6 10. Be2 Bc5
11. Nb3 Qd6 12. Nxc5 Qxc5 13. O-O O-O 14. Bd2 Rad8 15. b4 Qd6 16. a4 g6 17. a5 h5 18. a6 b6 19. f4 Ng4 20. b5 c5
21. c4 d4 22. exd4 cxd4 23. Qe1 d3 24. Bf3 Rde8 25. Qc1 Be4 26. Bxe4 Rxe4 27. g3 Qd4+ 28. Kh1 Nf2+ 29. Rxf2 Qxf2 30. Rb1 Re2
31. Qg1 Qf3+ 32. Qg2 Qxg2#
0-1

[Event "MDM 2008 Summer Open <1600"]
[Site "SchemingMind.com"]
[Date "2008.05.04"]
[Round "-"]
[White "Shanks"]
[Black "Zugzwang"]
[Result "1/2-1/2"]
[WhiteCountry "ENG"]
[BlackCountry "CAN"]
[WhiteElo "1356"]
[WhiteRD "63"]
[BlackElo "1493"]
[BlackRD "56"]
[GameID "152827"]

1. d4 f5 2. g3 Nf6 3. Bg2 e6 4. a3 c6 5. Nf3 d5 6. O-O Bd6 7. c3 O-O 8. Nbd2 Bd7 9. Ne5 Be8 10. b3 Bh5
11. Bb2 Nbd7 12. Nxd7 Qxd7 13. b4 b5 14. a4 a6 15. axb5 axb5 16. Rxa8 Rxa8 17. Qe1 Ra2 18. Bc1 Rc2 19. Nf3 Ne4 20. Ne5 Bxe5
21. dxe5 Nxc3 22. Bf3 Bxf3 23. exf3 Ne2+ 24. Kg2 Qf7 25. f4 Qh5 26. Qd1 Rc4 27. Bd2 c5 28. bxc5 Rxc5 29. Qa1 Rc8 30. Qa6 Rc2
31. Qxe6+ Kf8 32. Qd6+ Ke8 33. Qb8+ Ke7 34. Qd6+ Ke8=
1/2-1/2

[Event "MDM 2008 Summer Open <1600"]
[Site "SchemingMind.com"]
[Date "2008.05.04"]
[Round "-"]
[White "Shanks"]
[Black "hawkeye"]
[Result "0-1"]
[WhiteCountry "ENG"]
[BlackCountry "USA"]
[WhiteElo "1407"]
[WhiteRD "67"]
[BlackElo "1540"]
[BlackRD "92"]
[GameID "152828"]

1. d4 Nf6 2. Nf3 c6 3. a3 d5 4. c3 e6 5. e3 Be7 6. Nbd2 Nbd7 7. Be2 O-O 8. O-O c5 9. c4 Nb6 10. dxc5 Bxc5
11. b4 Be7 12. c5 Nbd7 13. c6 bxc6 14. Bb2 c5 15. bxc5 Bxc5 16. Ne5 Nxe5 17. Bxe5 Bd6 18. Bxd6 Qxd6 19. a4 Bd7 20. Nf3 Ne4
21. Qd3 a5 22. Nd2 Nxd2 23. Qxd2 Rfc8 24. Rfe1 Bc6 25. Bf1 Qb4 26. Qxb4 axb4 27. a5 Kf8 28. a6 Ke7 29. a7 Rc7 30. g3 Rcxa7
31. Rxa7+ Rxa7 32. Bg2 Kd6 33. e4 f6 34. exd5 Bxd5 35. Bxd5 Kxd5 36. Rd1+ Kc4 37. Rc1+ Kd5 38. Rd1+ Kc4 39. Rc1+ Kb3 40. Rb1+ Kc3
41. Rc1+ Kb2 42. Re1 Ra1 43. Rxa1 Kxa1 44. f4 f5 45. Kf2 b3 46. h4 b2 47. h5 b1=Q 48. Kg2 Qe4+ 49. Kh2 Qe2+ 50. Kg1 Qxh5
51. Kg2 g5 52. fxg5 Qxg5 53. Kh2 e5
0-1

[Event "MDM 2008 Summer Open <1600"]
[Site "SchemingMind.com"]
[Date "2008.05.04"]
[Round "-"]
[White "Shanks"]
[Black "scottie"]
[Result "1-0"]
[WhiteCountry "ENG"]
[BlackCountry "ENG"]
[WhiteElo "1356"]
[WhiteRD "63"]
[BlackElo "1453"]
[BlackRD "73"]
[GameID "152829"]

1. Nf3 e6 2. d4 d5 3. e3 Nf6 4. Be2 Bd7 5. O-O Bd6 6. c3 O-O 7. Nbd2 Nc6 8. a3 Qe7 9. c4 b6 10. c5 bxc5
11. dxc5 Bxc5 12. Nb3 e5 13. Nxc5 Qxc5 14. Bd2 Rab8 15. b4 Qd6 16. b5 Ne7 17. a4 Ng4 18. g3 e4 19. Nh4 Nf6 20. Rb1 Nf5
21. Nxf5 Bxf5 22. Bb4 c5 23. Ba3 Rbe8 24. Rc1 Rc8 25. Re1 Nd7 26. a5 Qc7 27. a6 Rfe8 28. Bg4 Bxg4 29. Qxg4 Nf6 30. Qe2 Nd7
31. Bb2 Rb8 32. Rcd1 Nb6 33. Ba1 Nc4 34. Rxd5 Nb6 35. Rdd1 Rbd8 36. Rxd8 Rxd8 37. Kg2 Rd6 38. Be5 Qd7 39. Bxd6 Qxd6 40. Rd1 Qc7
41. Qg4 Na4 42. Qxe4 Kf8 43. Qxh7 Nc3 44. Qh8+ Ke7 45. Qh4+ f6 46. Re1 Nxb5 47. Qe4+ Kf7 48. Qc4+
1-0

[Event "MDM 2008 Summer Open <1600"]
[Site "SchemingMind.com"]
[Date "2008.05.05"]
[Round "-"]
[White "Shanks"]
[Black "dtedesco"]
[Result "0-1"]
[WhiteCountry "ENG"]
[BlackCountry "CAN"]
[WhiteElo "1409"]
[WhiteRD "66"]
[BlackElo "1478"]
[BlackRD "59"]
[GameID "152832"]

1. f4 d5 2. d4 Nf6 3. Nd2 g6 4. e3 Ng4 5. Ngf3 Nxe3 6. Qe2 Nxc2+ 7. Kf2 Nxa1 8. b3 Bf5 9. Bb2 Nc2 10. g3 Nc6
11. Bg2 Bg7 12. Rf1 Bg4 13. h3 N6xd4 14. hxg4 Nxe2 15. Bxg7 Kd7 16. Bxh8 Qxh8 17. Ne5+ Ke6 18. Kxe2 g5 19. Nef3 Qc3 20. fxg5 Rd8
21. g6 Nd4+ 22. Nxd4+ Qxd4 23. Bf3 Qe5+ 24. Kd1 Qa1+ 25. Ke2 Qe5+ 26. Kd1 Qa1+ 27. Ke2 Qe5+ 28. Kd1 Qa1+ 29. Ke2 Qxa2 30. gxh7 Qa6+
31. Kf2 Qb6+ 32. Kg2 Qd4 33. Re1+ Kf6 34. Nf1 Rh8 35. g5+ Kxg5 36. Rxe7 Qb2+ 37. Re2 Qxb3 38. Re5+ Kf6 39. Re3 Qc2+ 40. Re2= Qxh7
41. Kg1 c6 42. Rf2 Qh3 43. Bg2+ Ke5 44. Bxh3 Rxh3 45. Rxf7 d4 46. Rxb7 d3 47. Kg2 Rh5 48. Rxa7 Kd4 49. Ra4+ Kc3 50. Ra3+ Kc2
51. Ne3+ Kb2 52. Rxd3 c5 53. Nf1 c4 54. Rd2+ Kc1 55. Rf2 Re5 56. Rf3 Kb2 57. Rf2+ Kc1 58. Nd2 c3 59. Nb3+ Kb1 60. Nd2+ Kc1
61. Nb3+ Kd1
0-1

[Event "MDM 2008 Summer Open <1600"]
[Site "SchemingMind.com"]
[Date "2008.05.04"]
[Round "-"]
[White "Shanks"]
[Black "Carl Lenox"]
[Result "1-0"]
[WhiteCountry "ENG"]
[BlackCountry "CAN"]
[WhiteElo "1453"]
[WhiteRD "74"]
[BlackElo "1260"]
[BlackRD "61"]
[GameID "152833"]

1. d4 d5 2. c3 Nf6 3. Nd2 Nc6 4. Ngf3 Bf5 5. a3 e6 6. b4 Bd6 7. b5 Ne7 8. a4 O-O 9. Bb2 c5 10. dxc5 Bxc5
11. Nb3 Qb6 12. Nxc5 Qxc5 13. e3 Rad8 14. Be2 Rfe8 15. O-O Qc7 16. Rc1 e5 17. Re1 e4 18. Nd4 Ng4 19. g3 Qd6 20. Nxf5 Nxf5
21. Bxg4 Nh6 22. Bh3 a6 23. bxa6 Qxa6 24. Bf1 Qb6 25. Rb1 Nf5 26. Ba1 Qa7 27. Bb5 Qb6 28. Bxe8 Qh6 29. Bb5 Rd6 30. Bf1 Qh5
31. Qxh5 g6 32. Qd1
1-0

[Event "MDM 2008 Summer Open <1600"]
[Site "SchemingMind.com"]
[Date "2008.05.05"]
[Round "-"]
[White "Shanks"]
[Black "s-man"]
[Result "1-0"]
[WhiteCountry "ENG"]
[BlackCountry "CAN"]
[WhiteElo "1356"]
[WhiteRD "63"]
[BlackElo "1166"]
[BlackRD "80"]
[GameID "152834"]

1. d4 d5 2. Nf3 Nh6 3. c3 Nf5 4. Nbd2 e5 5. Nxe5 f6 6. Nef3 Bd7 7. h3 Nc6 8. a3 a5 9. e3 Bd6 10. Be2 O-O
11. O-O g5 12. g4 Nh4 13. Nxh4 gxh4 14. Nf3 Bxg4 15. hxg4 h3 16. Nh2 f5 17. f4 Qd7 18. g5 Rfe8 19. Rf3
1-0

[Event "MDM 2008 Summer Open <1600"]
[Site "SchemingMind.com"]
[Date "2008.05.04"]
[Round "-"]
[White "Zugzwang"]
[Black "Shanks"]
[Result "1-0"]
[WhiteCountry "CAN"]
[BlackCountry "ENG"]
[WhiteElo "1493"]
[WhiteRD "56"]
[BlackElo "1356"]
[BlackRD "63"]
[GameID "152836"]

1. d4 Nf6 2. Nf3 d5 3. e3 e6 4. Bd3 c6 5. O-O Nbd7 6. c3 Be7 7. Nbd2 O-O 8. Qe2 Qc7 9. e4 dxe4 10. Nxe4 Nxe4
11. Qxe4 g6 12. Bh6 f5 13. Qe3 f4 14. Qe2 Nb6 15. Ne5 f3 16. gxf3 Re8 17. Kh1 Bf8 18. Bxf8 Rxf8 19. Rg1 Nd5 20. Qd2 Nf4
21. Ng4 Nxd3 22. Qxd3 b6 23. Ne5 c5 24. Nxg6 Rf7 25. Ne5+ Rg7 26. Rxg7+ Kxg7 27. Rg1+ Kf8 28. Qe3 cxd4 29. Qf4+ Ke7 30. Rg7+ Kd8
31. Rxc7 Kxc7 32. Nf7+ Kb7 33. Qxd4 h5 34. Nd8+ Ka6 35. Qa4#
1-0

[Event "MDM 2008 Summer Open <1600"]
[Site "SchemingMind.com"]
[Date "2008.05.04"]
[Round "-"]
[White "agoodhobby"]
[Black "Shanks"]
[Result "1-0"]
[WhiteCountry "USA"]
[BlackCountry "ENG"]
[WhiteElo "1638"]
[WhiteRD "65"]
[BlackElo "1356"]
[BlackRD "63"]
[GameID "152839"]

1. d4 d5 2. c4 e6 3. Nc3 c6 4. e3 Nf6 5. Nf3 Nbd7 6. Bd3 dxc4 7. Bxc4 Nb6 8. Bd3 Bd6 9. O-O Qc7 10. h3 Bd7
11. e4 Be7 12. e5 Nfd5 13. Qc2 Nxc3 14. bxc3 O-O-O 15. Bxh7 g6 16. Bxg6 fxg6 17. Qxg6 Nd5 18. c4 Nb6 19. Qg7 Rhe8 20. Bg5 Bxg5
21. Nxg5 Rg8 22. Qe7 Rge8 23. Qa3 Kb8 24. Nf7 Rc8 25. Nd6 Rf8 26. Nxc8 Bxc8 27. Qxf8 Nxc4 28. Qb4 Nb6 29. a4 Nd5 30. Qb3 Ne7
31. f4 Nf5 32. g4 Nxd4 33. Qd3 Qb6 34. Rab1 Ne2+ 35. Kh2 Qa6 36. Qxa6 Nd4 37. Qc4 Nf5 38. gxf5 exf5 39. Qb4 a6 40. Rfc1 Ka8
41. Rxc6 bxc6 42. Qb8#
1-0

[Event "MDM 2008 Summer Open <1600"]
[Site "SchemingMind.com"]
[Date "2008.05.04"]
[Round "-"]
[White "boba1844"]
[Black "Shanks"]
[Result "1-0"]
[WhiteCountry "USA"]
[BlackCountry "ENG"]
[WhiteElo "1179"]
[WhiteRD "82"]
[BlackElo "1356"]
[BlackRD "63"]
[GameID "152840"]

1. e4 g6 2. Bc4 Bg7 3. Bxf7+ Kxf7 4. Qf3+ Ke8 5. c3 e6 6. d3 c6 7. Nh3 Bf8 8. Bg5 Be7 9. Bxe7 Nxe7 10. O-O Rf8
11. Nf4 e5 12. Qh3 exf4 13. Nd2 h5 14. Nf3 d6 15. Qh4 Kd7 16. Qg4+ Kc7 17. Qg5 Qe8 18. Qa5+ b6 19. Qa3 Bb7 20. e5 d5
21. Qd6+ Kc8 22. Nd4
1-0

[Event "MDM 2008 Summer Open <1600"]
[Site "SchemingMind.com"]
[Date "2008.05.04"]
[Round "-"]
[White "s-man"]
[Black "Shanks"]
[Result "0-1"]
[WhiteCountry "CAN"]
[BlackCountry "ENG"]
[WhiteElo "1175"]
[WhiteRD "75"]
[BlackElo "1453"]
[BlackRD "74"]
[GameID "152843"]

1. Nf3 d5 2. Nc3 Nf6 3. e3 e6 4. b4 a6 5. b5 axb5 6. Nxb5 c6 7. d3 cxb5 8. c4 bxc4 9. dxc4 Bb4+ 10. Nd2 O-O
11. Qb3 Bxd2+ 12. Bxd2 Ne4 13. cxd5 exd5 14. f3 Nxd2 15. Kxd2 Nc6 16. e4 dxe4+ 17. Ke2 exf3+ 18. gxf3 Nd4+ 19. Kf2 Nxb3 20. Rb1 Rxa2+
21. Kg3 Qg5#
0-1